|
|
|
|
| LEADER |
00000cam a22000004a 4500 |
| 001 |
musev2_36065 |
| 003 |
MdBmJHUP |
| 005 |
20230905043807.0 |
| 006 |
m o d |
| 007 |
cr||||||||nn|n |
| 008 |
141001t20142014nyu o 00 0 eng d |
| 020 |
|
|
|a 9780814760369
|
| 020 |
|
|
|z 9780814770658
|
| 035 |
|
|
|a (OCoLC)891729081
|
| 040 |
|
|
|a MdBmJHUP
|c MdBmJHUP
|
| 100 |
1 |
|
|a Casillas, Dolores Ines,
|e author.
|
| 245 |
1 |
0 |
|a Sounds of Belonging :
|b U.S. Spanish-language Radio and Public Advocacy /
|c Dolores Ines Casillas.
|
| 264 |
|
1 |
|a New York :
|b New York University Press,
|c [2014]
|
| 264 |
|
3 |
|a Baltimore, Md. :
|b Project MUSE,
|c 2014
|
| 264 |
|
4 |
|c ©[2014]
|
| 300 |
|
|
|a 1 online resource (224 pages).
|
| 336 |
|
|
|a text
|b txt
|2 rdacontent
|
| 337 |
|
|
|a computer
|b c
|2 rdamedia
|
| 338 |
|
|
|a online resource
|b cr
|2 rdacarrier
|
| 490 |
0 |
|
|a Critical cultural communication
|
| 505 |
0 |
|
|a Acoustic allies : early Latin-themed and Spanish-language radio broadcasts, 1920s-1940s -- Mixed signals : developing bilingual Chicano radio, 1960s-1980s -- Sounds of surveillance : U.S. Spanish-language radio patrols La Migra -- Pun intended : listening to gendered politics on morning radio shows -- Desperately seeking dinero : calculating language and race within radio ratings.
|
| 520 |
|
|
|a "Sounds of Belonging provides insightful, original research on important developments in Spanish-language radio and makes a unique contribution to the field. Casillasenriches our understanding of U.S. radio history and Latino culture."--Joy Hayes, author of Radio Nation: Communication, Popular Culture, and Nationalism in Mexico.
|
| 588 |
|
|
|a Description based on print version record.
|
| 650 |
|
7 |
|a Radio broadcasting
|x Social aspects.
|2 fast
|0 (OCoLC)fst01087264
|
| 650 |
|
7 |
|a Radio broadcasting
|x Political aspects.
|2 fast
|0 (OCoLC)fst01087257
|
| 650 |
|
7 |
|a Radio broadcasting.
|2 fast
|0 (OCoLC)fst01087224
|
| 650 |
|
7 |
|a Mass media and immigrants.
|2 fast
|0 (OCoLC)fst01011347
|
| 650 |
|
7 |
|a Hispanic Americans
|x Legal status, laws, etc.
|2 fast
|0 (OCoLC)fst00957571
|
| 650 |
|
7 |
|a Hispanic Americans and mass media.
|2 fast
|0 (OCoLC)fst00957618
|
| 650 |
|
7 |
|a LAW
|x Media & the Law.
|2 bisacsh
|
| 650 |
|
7 |
|a PERFORMING ARTS
|x Reference.
|2 bisacsh
|
| 650 |
|
6 |
|a Medias et immigrants
|z États-Unis.
|
| 650 |
|
6 |
|a Radio
|x Aspect politique
|z États-Unis.
|
| 650 |
|
6 |
|a Americains d'origine latino-americaine et medias.
|
| 650 |
|
6 |
|a Radio
|x Aspect social
|z États-Unis.
|
| 650 |
|
6 |
|a Radio
|z États-Unis.
|
| 650 |
|
0 |
|a Hispanic Americans
|x Legal status, laws, etc.
|z United States.
|
| 650 |
|
0 |
|a Mass media and immigrants
|z United States.
|
| 650 |
|
0 |
|a Radio broadcasting
|x Political aspects
|z United States.
|
| 650 |
|
0 |
|a Hispanic Americans and mass media.
|
| 650 |
|
0 |
|a Radio broadcasting
|x Social aspects
|z United States.
|
| 650 |
|
0 |
|a Radio broadcasting
|z United States.
|
| 651 |
|
7 |
|a United States.
|2 fast
|0 (OCoLC)fst01204155
|
| 655 |
|
7 |
|a Electronic books.
|2 local
|
| 710 |
2 |
|
|a Project Muse.
|e distributor
|
| 830 |
|
0 |
|a Book collections on Project MUSE.
|
| 856 |
4 |
0 |
|z Texto completo
|u https://projectmuse.uam.elogim.com/book/36065/
|
| 945 |
|
|
|a Project MUSE - Custom Collection
|
| 945 |
|
|
|a Project MUSE - 2014 American Studies
|
| 945 |
|
|
|a Project MUSE - 2014 Complete
|
| 945 |
|
|
|a Project MUSE - 2014 Global Cultural Studies
|